Genotyp by environment effect on the duration , planting, and yeild of soe rice varieties,(ឥទ្ធិផលអង្គរអំពើរាវបរិស្ថាន និងសេណូទីបពួជស្រូវនៅលើអាយុកាល កំពស់ដើម និងទិន្ធផល). (Record no. 595)

000 -LEADER
fixed length control field 00677nam a22001577a 4500
003 - CONTROL NUMBER IDENTIFIER
control field OSt
005 - DATE AND TIME OF LATEST TRANSACTION
control field 20150916170606.0
008 - FIXED-LENGTH DATA ELEMENTS--GENERAL INFORMATION
fixed length control field 150916b xxu||||| |||| 00| 0 eng d
040 ## - CATALOGING SOURCE
Transcribing agency RUA
082 ## - DEWEY DECIMAL CLASSIFICATION NUMBER
Classification number AGR SOE 1999 BOO25 Or.1
100 ## - MAIN ENTRY--PERSONAL NAME
9 (RLIN) 620
Personal name SOEUR, SOMANY
245 ## - TITLE STATEMENT
Title Genotyp by environment effect on the duration , planting, and yeild of soe rice varieties,(ឥទ្ធិផលអង្គរអំពើរាវបរិស្ថាន និងសេណូទីបពួជស្រូវនៅលើអាយុកាល កំពស់ដើម និងទិន្ធផល).
260 ## - PUBLICATION, DISTRIBUTION, ETC. (IMPRINT)
Place of publication, distribution, etc. phnom phen
Name of publisher, distributor, etc. RUA
Date of publication, distribution, etc. 1999
300 ## - PHYSICAL DESCRIPTION
Extent 69p.
Other physical details ill.
Dimensions 29cm.
942 ## - ADDED ENTRY ELEMENTS (KOHA)
Source of classification or shelving scheme
Koha item type AGR
Holdings
Price effective from Date last seen Permanent Location Not for loan Date acquired Source of classification or shelving scheme Koha item type Barcode Lost status Damaged status Shelving location Withdrawn status Current Location Full call number
2015-09-162015-09-16Library Block B 2015-09-16 AGRRUA004438  B025 Library Block BAGR SOE 1999 BOO25 Or.1
2015-09-162015-09-16Library Block B 2015-09-16 AGRRUA0040001  B025 Library Block BAGR SOE 1999 BOO25 Or.2
2015-09-162015-09-16Library Block B 2015-09-16 AGRRUA003436  B025 Library Block BAGR SOE 1999 BOO25 Or.3
2016-01-262016-01-26Library Block B 2016-01-26 AGRRUA052032    Library Block BAGR SOE 1999 BOO25 Or.4
2016-01-262016-01-26Library Block B 2016-01-26 AGRRUA002189    Library Block BAGR SOE 1999 BOO25 Or.5
មជ្ឈមណ្ឌលឯការនៃសាកលវិទ្យាល័យភូមិន្ទកសិកម្មចំការដូង

Powered by Koha